| 000 | 00691nam a2200193 i 4500 | ||
|---|---|---|---|
| 001 | 84730 | ||
| 003 | ES-MaACL | ||
| 005 | 20230906175103.0 | ||
| 007 | t| | ||
| 008 | 041123s1941 sp ||||1| spa d | ||
| 100 | 1 |
_aJenny, Ernest G. _966308 |
|
| 245 | 1 | 4 |
_aLos fraudes en Contabilidad _b: cómo se practican, cómo se descubren / _c[por] Ernest G. Jenny ; en colaboración con Georg Niedermeyer ; traducción de la última edición alemana por Juan Valls. |
| 250 | _a2ª ed. | ||
| 260 |
_aBarcelona : _bJ. Gil, _c[1941] ( _fLa Neotipia) |
||
| 300 |
_a233 p. ; _c24 cm. |
||
| 700 | 1 |
_aNiedermeyer, Georg. _985628 |
|
| 700 | 1 |
_aValls, Juan. _9112934 |
|
| 852 |
_aES-MaACL _jF-15443 _bR.19565 |
||
| 999 |
_c84730 _d84730 |
||